| 000 | 01044nam a2200313 a 4500 | ||
|---|---|---|---|
| 005 | 20200104041526.0 | ||
| 008 | 140304t1999 sw a gq|||| 00| 0 eng d | ||
| 020 | _a1872613063 | ||
| 040 |
_aCO-BoIAVH _cCO-BoIAVH |
||
| 041 | _aeng | ||
| 082 | 0 | 4 |
_a333.95316 _bA31p |
| 100 | 1 | _aAkeroyd, John | |
| 245 | 1 |
_aPlanta Europa _bproceedings of the second european conference on the conservation of wild plants |
|
| 260 |
_aUppsala _bSwedish Threatened Species Unit _bPlantlife _c1999 |
||
| 300 |
_a312 paginas. : _bilustraciones. ; _c29 x 21 cm. |
||
| 650 | 4 | _aConservación de biodiversidad | |
| 650 | 4 | _aPlantas silvestres | |
| 650 | 6 | _aTaxonomía | |
| 650 | 4 | _aPolítica | |
| 650 | 4 | _aComercio de especies | |
| 650 | 4 | _aTráfico de especies | |
| 650 | 4 | _aListas rojas UICN | |
| 650 | 4 | _aCategorías UICN | |
| 650 | 4 | _aImpacto humano | |
| 650 | 4 | _aPlantaciones forestales | |
| 650 | 6 | _aAgricultura | |
| 700 | 1 | _aSynge, Hugh | |
| 942 |
_cINFORME _2ddc |
||
| 999 |
_c2028 _d2028 |
||